000
00200 a2200109 4500
020
_a
9780595442430
041
_a
eng
100
_a
Dixon, Jack
245
_a
The Pict
942
_c
BK
999
_c
29929
_d
29927
999
_d
29927